[Event "CZE-chT2B 1314"]
[Site "Czech Republic"]
[Date "2014.04.06"]
[Round "11.4"]
[White "Malec, Jan"]
[Black "Krtous, Zdenek"]
[Result "0-1"]
[WhiteElo "2026"]
[BlackElo "2039"]
[PlyCount "142"]
[EventDate "2013.11.03"]
[EventType "team-tourn"]
[EventRounds "11"]
[EventCountry "CZE"]
[SourceTitle "EXT 2015"]
[Source "ChessBase"]
[SourceDate "2014.11.20"]
[SourceVersion "1"]
[SourceVersionDate "2014.11.20"]
[SourceQuality "1"]
[WhiteTeam "Novoborsky III"]
[BlackTeam "Liberec Desko"]
[WhiteTeamCountry "CZE"]
[BlackTeamCountry "CZE"]

1. d4 f5 2. Nf3 Nf6 3. Bf4 d6 4. e3 g6 5. h4 Bg7 6. c3 c6 7. Nbd2 Ng4 8. Nb3 h6 9. Be2 0-0 10. d5 Nf6 11. c4 Na6 12. Nfd4 Qb6 13. 0-0 Bd7 14. g4 Nxg4 15. Bxg4 fxg4 16. Ne6 Bxe6 17. dxe6 Nc7 18. Qxg4 Rf6 19. c5 Qb4 20. cxd6 Nxe6 21. d7 Nxf4 22. exf4 Rxf4 23. Qe6+ Kh8 24. f3 Rf6 25. Qg4 Qxg4+ 26. fxg4 Rd8 27. Rad1 Rd6 28. Nc5 Bd4+ 29. Rxd4 Rxd4 30. Ne6 R4xd7 31. Nxd8 Rxd8 32. Re1 Rd7 33. Re2 Kg7 34. Kf2 Kf7 35. Ke3 Rd6 36. Rf2+ Rf6 37. Rd2 Ke8 38. Ke4 Rf1 39. Rh2 e6 40. Ke5 Ke7 41. Ke4 Rd1 42. Ke5 Re1+ 43. Kd4 b6 44. g5 h5 45. Rf2 Rh1 46. Rf6 Kd6 47. Rxg6 Rxh4+ 48. Kd3 Rg4 49. Rg8 Ke5 50. g6 b5 51. g7 Rg3+ 52. Kc2 h4 53. Rh8 Rxg7 54. Rh5+ Kd6 55. Rxh4 Kd5 56. Rh2 e5 57. Rd2+ Kc5 58. a3 a5 59. Re2 Re7 60. Re4 Kd5 61. Kd3 Rh7 62. Rg4 Rh3+ 63. Kd2 c5 64. Rg8 Kc4 65. Re8 Rh5 66. Rb8 Rh2+ 67. Kc1 a4 68. Re8 Re2 69. Kd1 Rxb2 70. Rxe5 Rb3 71. Re4+ Kd5 0-1

[Event "Liberec op 09th"]
[Site "Liberec"]
[Date "2008.11.19"]
[Round "6"]
[White "Cakl, Zdenek"]
[Black "Malec, Jan"]
[Result "1-0"]
[WhiteElo "2110"]
[BlackElo "2032"]
[PlyCount "72"]
[EventDate "2008.11.15"]
[EventType "swiss"]
[EventRounds "9"]
[EventCountry "CZE"]
[SourceTitle "CBM 127 Extra"]
[Source "ChessBase"]
[SourceDate "2009.01.08"]
[SourceVersion "2"]
[SourceVersionDate "2009.01.28"]
[SourceQuality "1"]

1. Nf3 d5 2. b3 Nf6 3. Bb2 Bf5 4. g3 c6 5. Bg2 Nbd7 6. 0-0 Qc7 7. d4 h5 8. c4 e6 9. Nc3 Be7 10. Rc1 dxc4 11. bxc4 h4 12. d5 hxg3 13. hxg3 Bh3 14. dxe6 Bxe6 15. Nd5 Bxd5 16. cxd5 c5 17. e4 Nxe4 18. Re1 f5 19. Nd4 Nxg3 20. fxg3 Qxg3 21. Rxe7+ Kd8 22. Rxd7+ Kxd7 23. Qa4+ Kd8 24. Nf3 Re8 25. Qh4+ Qxh4 26. Nxh4 Re2 27. Bxg7 b6 28. d6 Rc8 29. Bb7 Rxa2 30. Bxc8 Kxc8 31. Nxf5 Rd2 32. Re1 a5 33. Re7 a4 34. Rc7+ Kb8 35. Be5 a3 36. d7 Ka8 1-0

[Event "Liberec op 09th"]
[Site "Liberec"]
[Date "2008.11.16"]
[Round "2"]
[White "Nasavrcky, Jaroslav"]
[Black "Malec, Jan"]
[Result "1/2-1/2"]
[WhiteElo "1742"]
[BlackElo "2032"]
[PlyCount "85"]
[EventDate "2008.11.15"]
[EventType "swiss"]
[EventRounds "9"]
[EventCountry "CZE"]
[SourceTitle "CBM 127 Extra"]
[Source "ChessBase"]
[SourceDate "2009.01.08"]
[SourceVersion "2"]
[SourceVersionDate "2009.01.28"]
[SourceQuality "1"]

1. e4 g6 2. Bc4 d6 3. Nf3 Bg7 4. 0-0 Nf6 5. Nc3 c6 6. Bb3 Na6 7. a3 Nc5 8. d3 Nxb3 9. cxb3 0-0 10. b4 e5 11. h3 Bd7 12. Be3 Re8 13. Qd2 d5 14. Bg5 d4 15. Ne2 Qb6 16. Ng3 Rac8 17. Rac1 c5 18. bxc5 Rxc5 19. Rxc5 Qxc5 20. Rc1 Qb6 21. b4 Bb5 22. Rc5 Nd7 23. Rc1 f6 24. Bh6 Qd6 25. Bxg7 Kxg7 26. Qc2 Nb6 27. Qc7+ Qe7 28. Ne1 Kf7 29. Qxe7+ Rxe7 30. f3 Na4 31. Kf2 Ke6 32. Ke2 Kd6 33. Kd2 Rc7 34. Rxc7 Kxc7 35. Ne2 Bd7 36. f4 Kd6 37. fxe5+ fxe5 38. Nf3 h6 39. Ne1 Ke6 40. Nf3 Kf6 41. g4 Be6 42. Kc2 h5 43. g5+ 1/2-1/2

[Event "CZE-chT2b 0607"]
[Site "Czech Republic"]
[Date "2006.12.03"]
[Round "4"]
[White "Horak, Jiri1111"]
[Black "Malec, Jan"]
[Result "1/2-1/2"]
[WhiteElo "2079"]
[BlackElo "2060"]
[PlyCount "60"]
[EventDate "2006.10.15"]
[EventType "team"]
[EventRounds "11"]
[EventCountry "CZE"]
[SourceTitle "EXT 2009"]
[Source "ChessBase"]
[SourceDate "2008.11.26"]
[SourceVersion "1"]
[SourceVersionDate "2008.11.26"]
[SourceQuality "1"]

1. Nf3 d5 2. c4 e6 3. d4 Nf6 4. Nc3 Be7 5. Bg5 0-0 6. e3 b6 7. Bxf6 Bxf6 8. cxd5 exd5 9. Qc2 Re8 10. Bd3 h6 11. 0-0 Bg4 12. b4 c6 13. Rfc1 Qd6 14. Rab1 Bxf3 15. gxf3 Nd7 16. Qb3 a6 17. Ne2 Rec8 18. Ng3 g6 19. Qc2 Bg7 20. f4 c5 21. bxc5 bxc5 22. dxc5 Rxc5 23. Qe2 Rac8 24. Rd1 a5 25. Ba6 R8c7 26. Ne4 Qe6 27. Nxc5 Nxc5 28. Rb8+ Kh7 29. Bb5 Ne4 30. Rf1 Rc2 1/2-1/2

[Event "CZE-chT2b 0607"]
[Site "Czech Republic"]
[Date "2006.11.19"]
[Round "3"]
[White "Malec, Jan"]
[Black "Erneker, Josef"]
[Result "1-0"]
[WhiteElo "2063"]
[BlackElo "2160"]
[PlyCount "97"]
[EventDate "2006.10.15"]
[EventType "team"]
[EventRounds "11"]
[EventCountry "CZE"]
[SourceTitle "EXT 2009"]
[Source "ChessBase"]
[SourceDate "2008.11.26"]
[SourceVersion "1"]
[SourceVersionDate "2008.11.26"]
[SourceQuality "1"]

1. d4 Nf6 2. Nf3 g6 3. Bf4 Bg7 4. Nc3 d5 5. Qd2 0-0 6. Bh6 Nbd7 7. Bxg7 Kxg7 8. e3 Re8 9. Be2 c6 10. h4 Qc7 11. 0-0-0 h5 12. Nh2 b5 13. Rdg1 Nb6 14. f3 a5 15. g4 Nc4 16. Bxc4 dxc4 17. gxh5 Nxh5 18. Ng4 a4 19. e4 Qf4 20. Ne2 Qxd2+ 21. Kxd2 f6 22. a3 Be6 23. Ne3 Kf7 24. Ng2 Rad8 25. Ke3 Bc8 26. Ngf4 Nxf4 27. Nxf4 Rg8 28. Rg2 e5 29. Ne2 Rh8 30. dxe5 fxe5 31. f4 Rde8 32. fxe5 Rxe5 33. Rf1+ Kg7 34. Kd4 Rhe8 35. Rf4 c5+ 36. Ke3 Bb7 37. Ng3 Bc6 38. h5 g5 39. Nf5+ Kh8 40. Rxg5 Rxe4+ 41. Rxe4 Rxe4+ 42. Kf2 Re5 43. Nd6 Rxg5 44. Nf7+ Kg7 45. Nxg5 b4 46. c3 Bd5 47. Ke3 bxa3 48. bxa3 Kh6 49. Ne4 1-0

[Event "Znojmo op"]
[Site "Znojmo"]
[Date "2005.05.21"]
[Round "8"]
[White "Malec, Jan"]
[Black "Zdrazil, Bohumir"]
[Result "1-0"]
[WhiteElo "2042"]
[BlackElo "1968"]
[PlyCount "45"]
[EventDate "2005.05.15"]
[EventType "swiss"]
[EventRounds "9"]
[EventCountry "CZE"]
[SourceTitle "CBM 106 Extra"]
[Source "ChessBase"]
[SourceDate "2005.07.01"]
[SourceVersion "1"]
[SourceVersionDate "2005.07.01"]
[SourceQuality "1"]

1. d4 d5 2. c4 dxc4 3. e3 Nf6 4. Bxc4 e6 5. a3 c5 6. Nf3 a6 7. 0-0 b5 8. Be2 Bb7 9. Bd2 Ne4 10. Nc3 Nxd2 11. Qxd2 Be7 12. dxc5 Qxd2 13. Nxd2 Bxc5 14. Nce4 Be7 15. Rac1 Nc6 16. Nc5 Bxc5 17. Rxc5 0-0 18. Bf3 Na5 19. Bxb7 Nxb7 20. Rc7 Nd6 21. Rfc1 Rfe8 22. Kf1 Kf8 23. Ke2 1-0

[Event "Znojmo op"]
[Site "Znojmo"]
[Date "2005.05.16"]
[Round "3"]
[White "Klecker, Tadeas"]
[Black "Malec, Jan"]
[Result "0-1"]
[WhiteElo "1833"]
[BlackElo "2042"]
[PlyCount "38"]
[EventDate "2005.05.15"]
[EventType "swiss"]
[EventRounds "9"]
[EventCountry "CZE"]
[SourceTitle "CBM 106 Extra"]
[Source "ChessBase"]
[SourceDate "2005.07.01"]
[SourceVersion "1"]
[SourceVersionDate "2005.07.01"]
[SourceQuality "1"]

1. d4 d5 2. c4 e6 3. cxd5 exd5 4. Bf4 Nf6 5. Nc3 c6 6. Nf3 Bd6 7. Ne5 Nh5 8. Bc1 Bxe5 9. dxe5 d4 10. e3 dxc3 11. Qxh5 cxb2 12. Bxb2 Qa5+ 13. Kd1 Qa4+ 14. Kc1 Bg4 15. Bb5 cxb5 16. Qg5 Qc4+ 17. Kd2 Qe2+ 18. Kc1 Nd7 19. Bc3 Rc8 0-1

[Event "Plzen op-A 10th"]
[Site "Plzen"]
[Date "2004.??.??"]
[Round "4"]
[White "Beran, Bohumil"]
[Black "Malec, Jan"]
[Result "1/2-1/2"]
[WhiteElo "2155"]
[BlackElo "2075"]
[PlyCount "120"]
[EventDate "2004.08.??"]
[EventType "swiss"]
[EventRounds "9"]
[EventCountry "CZE"]
[SourceTitle "EXT 2007"]
[Source "ChessBase"]
[SourceDate "2006.11.23"]
[SourceVersion "1"]
[SourceVersionDate "2006.11.23"]
[SourceQuality "1"]

1. c4 Nf6 2. g3 c6 3. Bg2 g6 4. b3 Bg7 5. Bb2 0-0 6. Nf3 d6 7. 0-0 Bd7 8. d4 Qc8 9. Re1 Bh3 10. Bh1 Na6 11. Nc3 h6 12. e4 Bg4 13. Qd2 Bxf3 14. Bxf3 Qd7 15. Bg2 Rad8 16. d5 Nc7 17. Rad1 c5 18. a4 Nh7 19. Nb5 a6 20. Nxc7 Qxc7 21. Bxg7 Kxg7 22. Qc3+ f6 23. f4 Kg8 24. e5 dxe5 25. fxe5 f5 26. Qd2 Kg7 27. d6 Qd7 28. Qc3 e6 29. Qa5 Rc8 30. Qb6 Rf7 31. Qa5 Nf8 32. b4 Qd8 33. Qxd8 Rxd8 34. bxc5 Rc8 35. c6 bxc6 36. Rb1 Nd7 37. a5 g5 38. Rb7 Nxe5 39. Rxf7+ Nxf7 40. Rxe6 c5 41. Bd5 Nd8 42. Re7+ Kf6 43. Rc7 Rb8 44. Rxc5 Ke5 45. d7 Kd6 46. Rc8 Rb1+ 47. Kf2 Kxd7 48. Ra8 Rb2+ 49. Ke3 Rxh2 50. Rxa6 Rh3 51. Kf2 f4 52. gxf4 gxf4 53. Rf6 Ra3 54. a6 h5 55. Rh6 Kc7 56. c5 h4 57. Rh7+ Kb8 58. Rh8 Kc7 59. a7 Rxa7 60. Rh7+ Kb8 1/2-1/2

[Event "Frymburk op-A"]
[Site "Frymburk"]
[Date "2000.??.??"]
[Round "1"]
[White "Hava, Jaroslav"]
[Black "Malec, Jan"]
[Result "0-1"]
[WhiteElo "1760"]
[BlackElo "1985"]
[PlyCount "64"]
[EventDate "2000.01.??"]
[EventType "swiss"]
[EventRounds "9"]
[EventCountry "CZE"]
[SourceTitle "EXT 2002"]
[Source "ChessBase"]
[SourceDate "2001.11.25"]
[SourceVersion "1"]
[SourceVersionDate "2001.11.25"]
[SourceQuality "1"]

1. e4 g6 2. d4 Bg7 3. f4 d6 4. Nf3 c6 5. Be3 Nf6 6. Nbd2 Qa5 7. c3 0-0 8. h3 Qc7 9. Be2 b6 10. g4 Bb7 11. Nh4 Nbd7 12. g5 Ne8 13. f5 Bh8 14. Bg4 c5 15. Qf3 d5 16. e5 Bxe5 17. 0-0 Bh2+ 18. Kh1 Ne5 19. dxe5 d4 20. Ne4 Qxe5 21. cxd4 cxd4 22. Nf6+ Nxf6 23. Qxb7 Nxg4 24. hxg4 dxe3 25. Nf3 Qc7 26. Qe4 Qf4 27. Qc2 Bg3 28. Rad1 Bf2 29. Nh2 Rac8 30. Qe2 Rcd8 31. fxg6 fxg6 32. Qb5 Qe4+ 0-1

[Event "Frymburk op-A"]
[Site "Frymburk"]
[Date "2000.??.??"]
[Round "2"]
[White "Malec, Jan"]
[Black "Herejk, Petr"]
[Result "0-1"]
[WhiteElo "1985"]
[BlackElo "2135"]
[PlyCount "106"]
[EventDate "2000.01.??"]
[EventType "swiss"]
[EventRounds "9"]
[EventCountry "CZE"]
[SourceTitle "EXT 2002"]
[Source "ChessBase"]
[SourceDate "2001.11.25"]
[SourceVersion "1"]
[SourceVersionDate "2001.11.25"]
[SourceQuality "1"]

1. d4 Nf6 2. c4 c5 3. dxc5 Nc6 4. Nf3 e6 5. Nc3 Bxc5 6. e3 0-0 7. a3 a6 8. Bd3 d5 9. b4 dxc4 10. Bxc4 Qxd1+ 11. Nxd1 Be7 12. Bb2 b5 13. Bd3 Rd8 14. Ke2 Bb7 15. Rc1 Rac8 16. Nc3 Ng4 17. Rhd1 Nge5 18. Nxe5 Nxe5 19. Be4 Bxe4 20. Nxe4 Nc4 21. Rxd8+ Rxd8 22. Rc2 f5 23. Nd2 Nxd2 24. Rxd2 Rxd2+ 25. Kxd2 Kf7 26. Kd3 g6 27. Be5 Ke8 28. Kd4 Kd7 29. h3 Kc6 30. e4 Bg5 31. f4 Bh4 32. exf5 exf5 33. g4 Bf2+ 34. Kd3 Kd5 35. gxf5 gxf5 36. Bf6 Bb6 37. Be5 Bd8 38. Bg7 Bc7 39. Bh6 a5 40. bxa5 Bxa5 41. Bf8 Bc7 42. Ke3 Kc4 43. Be7 Bb6+ 44. Kd2 Kd4 45. Bd6 Ke4 46. Kc3 Ba5+ 47. Kb3 Bd2 48. Bf8 h5 49. Bg7 Bxf4 50. Kb4 Bd6+ 51. Kxb5 f4 52. Kc4 Bxa3 53. Kc3 Bb2+ 0-1

[Event "Most op-A"]
[Site "Most"]
[Date "1999.??.??"]
[Round "?"]
[White "Schauer, Jiri"]
[Black "Malec, Jan"]
[Result "1-0"]
[WhiteElo "2000"]
[BlackElo "1975"]
[PlyCount "65"]
[EventDate "1999.??.??"]
[EventType "swiss"]
[EventRounds "9"]
[EventCountry "CZE"]
[SourceTitle "EXT 2003"]
[Source "ChessBase"]
[SourceDate "2002.11.25"]
[SourceVersion "1"]
[SourceVersionDate "2002.11.25"]
[SourceQuality "1"]

1. e4 g6 2. d4 Bg7 3. Nc3 d6 4. Be3 Nf6 5. f3 Nc6 6. Qd2 h5 7. h4 e6 8. Nh3 a6 9. 0-0-0 Bd7 10. Bg5 Qc8 11. Bc4 b5 12. Bb3 Nh7 13. d5 Na5 14. Bh6 Bf6 15. dxe6 Nxb3+ 16. axb3 Bxe6 17. Nf4 Rg8 18. Ncd5 Bd8 19. Qc3 c6 20. Nb4 c5 21. Nbd5 a5 22. e5 b4 23. Qe3 dxe5 24. Qxe5 Ra6 25. Rhe1 f6 26. Qe2 Kf7 27. Qc4 g5 28. Nxe6 Rxe6 29. Nc7 Bxc7 30. Rxe6 Bf4+ 31. Kb1 Kg6 32. hxg5 Bxg5 33. Bxg5 1-0

[Event "Klatovy op-A"]
[Site "Klatovy"]
[Date "1998.??.??"]
[Round "?"]
[White "Malec, Jan"]
[Black "Janocko, Petr"]
[Result "1/2-1/2"]
[WhiteElo "2055"]
[BlackElo "1950"]
[PlyCount "59"]
[EventDate "1998.??.??"]
[EventType "swiss"]
[EventRounds "9"]
[EventCountry "CZE"]
[SourceTitle "EXT 2000"]
[Source "ChessBase"]
[SourceDate "1999.11.16"]
[SourceVersion "1"]
[SourceVersionDate "1999.11.16"]
[SourceQuality "1"]

1. d4 Nf6 2. c4 e6 3. a3 b6 4. Nc3 Bb7 5. Nf3 Be7 6. e3 0-0 7. Bd3 d5 8. cxd5 Nxd5 9. 0-0 Nd7 10. e4 Nxc3 11. bxc3 c5 12. Bb2 Rc8 13. Qe2 Qc7 14. Rac1 Qf4 15. Rfe1 cxd4 16. cxd4 Rxc1 17. Bxc1 Qc7 18. Bb2 Qf4 19. Ba6 Qb8 20. Bd3 Rd8 21. Qe3 Nf8 22. Rc1 Rc8 23. Ne5 Rxc1+ 24. Qxc1 Bd6 25. Nf3 Bf4 26. Qc2 Qc7 27. Bc3 Bd6 28. Qb2 Nd7 29. h3 Bf8 30. e5 1/2-1/2